| 000 | 00550nam a2200169 i 4500 | ||
|---|---|---|---|
| 001 | 83052 | ||
| 003 | ES-MaACL | ||
| 005 | 20230906174754.0 | ||
| 007 | t| | ||
| 008 | 041115q1967 sp ||||1| spa d | ||
| 110 | 2 |
_aInstituto Nacional de la Vivienda (España) _95174 |
|
| 245 | 1 | 0 |
_aMemoria de actividades _b: 1967 / _cInstituto Nacional de la Vivienda. |
| 260 |
_a[S.l. : _bs.n., _c1967?] |
||
| 300 |
_a41 p. : _bil. ; _c23 cm. |
||
| 610 | 2 | 4 |
_aInstituto Nacional de la Vivienda (España)- _vMemorias. _9170427 |
| 852 |
_aES-MaACL _jC-46790 _bR.67890 |
||
| 999 |
_c83052 _d83052 |
||